Frei, el Kerensky chileno

Salvato in:
Dettagli Bibliografici
Autore principale: Silveira, Fabio Vidigal Xavier da (Autore)
Natura: Libro
Lingua:spagnolo
Pubblicazione: Buenos Aires Cruzada 1968
Edizione:5a. ed
Soggetti:
Tags: Aggiungi Tag
Nessun Tag, puoi essere il primo ad aggiungerne!!

MARC

LEADER 00000cam a2200000 a 4500
001 UCT7108
003 CL-VaPUC
008 970116e19680000AG |||||||||||||||||spa|d
082 0 4 |a 320.011  |b SIL  |2 21 
100 0 |a Silveira, Fabio Vidigal Xavier da  |e author  |9 377789 
245 1 0 |a Frei, el Kerensky chileno 
250 |a 5a. ed 
300 |a 171 p 
942 |c BK 
945 |d 19970116 00:00:00  |a paguirre 
260 |a Buenos Aires  |b Cruzada  |c 1968 
600 0 |a Frei Montalva, Eduardo  |9 255811 
650 0 |a Política  |9 255312 
650 0 |a Ciencias Políticas  |9 255201 
650 7 |a TEORIA POLITICA  |2 CL-VaPUC  |9 377790 
650 0 |a Acción política  |9 341245 
650 0 |a Partidos políticos  |9 254999 
650 0 |a Desarrollo político  |9 323087 
650 7 |a REVOLUCION  |2 CL-VaPUC  |9 338298 
651 7 |a CHILE  |2 CL-VaPUC  |9 377791 
583 |a last modification  |c 20160704 11:52:39  |k Rodrigo Vera 
999 |c 255769  |d 255767 
952 |0 0  |1 0  |4 0  |6 320_011000000000000_SIL_1968  |7 0  |8 A  |9 278176  |a BIBDER  |b BIBDER  |d 2019-11-19  |i 1806319  |o 320.011 SIL 1968  |p 1806319  |r 2023-01-25  |w 2019-11-19  |y BK  |k DER 
952 |0 0  |1 0  |3 erb  |4 0  |6 320_011000000000000_SIL_1968  |7 0  |8 A  |9 278177  |a FDOHBE  |b FDOHBE  |e Huesbe Llanos, Marco Antonio, 1934-  |i 5330831  |o 320.011 SIL 1968  |p 5330831  |r 2024-01-30  |w 2019-11-19  |y BK  |z Catalogado en:20160708  |k HBE